Marxismo y alienación

محفوظ في:
التفاصيل البيبلوغرافية
المؤلف الرئيسي: Aptheker, Herbert
التنسيق: كتاب
اللغة:Undetermined
منشور في: Barcelona, España Península 1972
الموضوعات:
الوسوم: إضافة وسم
لا توجد وسوم, كن أول من يضع وسما على هذه التسجيلة!

MARC

LEADER 00000nam a2200000Ia 4500
008 170316s9999 xx 000 0 und d
090 |a 100 A-28.1m 
100 |a Aptheker, Herbert 
245 |a Marxismo y alienación 
260 |a Barcelona, España 
260 |b Península 
260 |c 1972 
300 |a 215 páginas 
650 |a FILOSOFÍA 
650 |a MARXISMO 
999 |c 15501  |d 15501 
040 |a cru BVZT 
942 |c 15 D  |h 100 A-28.1m  |2 z